Tourism, climate change and sustainability: Impact, planning and challenges (Record no. 20526)

MARC details
000 -LEADER
fixed length control field 00498nam a2200169Ia 4500
008 - FIXED-LENGTH DATA ELEMENTS--GENERAL INFORMATION
fixed length control field 230917s9999||||xx |||||||||||||| ||und||
020 ## - ISBN
Price RS895
040 ## - CATALOGING SOURCE
-- 236996
Original cataloging agency VIVEKANANDA LIBRARY
041 ## - Language
-- English
082 ## - DDC NUMBER
Classification number 338.4791 N153T
100 ## - MAIN ENTRY--PERSONAL NAME
Personal name Nandi, Veena Tewari
245 #0 - TITLE STATEMENT
Title Tourism, climate change and sustainability: Impact, planning and challenges
260 ## - PUBLICATION, DISTRIBUTION, ETC. (IMPRINT)
Place of publication, distribution, etc New Delhi
Name of publisher, distributor, etc Enkay Publishing
Date of publication, distribution, etc 2013
300 ## - PHYSICAL DESCRIPTION
Pages 276 p.
500 ## - GENERAL NOTE
General note 2530 09/01/2017 IBS17/604 12/01/2017 IHTM (SFS)
942 ## - ADDED ENTRY ELEMENTS (KOHA)
Koha item type Books
Holdings
Withdrawn status Lost status Damaged status Not for loan Location (home branch) Sublocation or collection (holding branch) Shelving location Date acquired Koha issues (times borrowed) Koha full call number Accession No. Koha date last seen Koha item type
        VIVEKANANDA LIBRARY VIVEKANANDA LIBRARY IHTM Library 24/03/2017   338.4791 N153T 361014 17/09/2023 Books
© Designed and Maintained by Vivekananda Library, MDU Rohtak